Bio-bibliographie des écrivains anciens du Bourbonnais, (Record no. 92450)
[ view plain ]
| 000 -LEADER | |
|---|---|
| fixed length control field | 00605cam a22002051 4500 |
| 001 - CONTROL NUMBER | |
| control field | z 01000235 |
| 003 - CONTROL NUMBER IDENTIFIER | |
| control field | DLC |
| 005 - DATE AND TIME OF LATEST TRANSACTION | |
| control field | 20260227112813.0 |
| 008 - FIXED-LENGTH DATA ELEMENTS--GENERAL INFORMATION | |
| fixed length control field | 890322s1899 fr acf 000 0 fre |
| 010 ## - LIBRARY OF CONGRESS CONTROL NUMBER | |
| LC control number | z 01000235 |
| 035 ## - SYSTEM CONTROL NUMBER | |
| System control number | (OCoLC)23420198 |
| 040 ## - CATALOGING SOURCE | |
| Original cataloging agency | DLC |
| Transcribing agency | MiU |
| Modifying agency | DLC |
| 042 ## - AUTHENTICATION CODE | |
| Authentication code | premarc |
| 050 00 - LIBRARY OF CONGRESS CALL NUMBER | |
| Classification number | Z2184.B76 |
| Item number | Q8 |
| 100 1# - MAIN ENTRY--PERSONAL NAME | |
| Personal name | Quirielle, Roger de, |
| Dates associated with a name | 1848- |
| 245 10 - TITLE STATEMENT | |
| Title | Bio-bibliographie des écrivains anciens du Bourbonnais, |
| 260 ## - PUBLICATION, DISTRIBUTION, ETC. | |
| Place of publication, distribution, etc. | Moulins, |
| Name of publisher, distributor, etc. | H. Durond; |
| Date of publication, distribution, etc. | 1899. |
| 300 ## - PHYSICAL DESCRIPTION | |
| Extent | xiv, 240 p. |
| Other physical details | 2 l. illus., plates. ports. |
| Dimensions | 24 cm. |
| 651 #0 - SUBJECT ADDED ENTRY--GEOGRAPHIC NAME | |
| Geographic name | Bourbonnais (France) |
| General subdivision | Bio-bibliography. |
No items available.